| 000 | 00593nam a2200229Ia 4500 | ||
|---|---|---|---|
| 005 | 20250425162735.0 | ||
| 008 | 250425s9999 xx 000 0 und d | ||
| 020 | _a0195049683 | ||
| 041 | _aeng | ||
| 082 | _a968 | ||
| 100 | _aSHORE, MILES F. | ||
| 245 | 0 | _aTHE FOUNDER CECIL RHODES AND THE PURSUIT OF POWER | |
| 250 | _a1ST ED. | ||
| 260 |
_aEstados Unidos _bOXFORD UNIVERSITY PRESS _c1988 |
||
| 260 | _aNEW YORK | ||
| 300 | _a800 | ||
| 650 | _aAFRICA | ||
| 650 | _aCAPITALISTAS Y FINANCIEROS-BIOGRAFIA | ||
| 710 | _aOXFORD UNIVERSITY PRESS | ||
| 942 | _c01 | ||
| 010 | _a104436 | ||
| 999 |
_c235473 _d235473 |
||